000 00326nam a22001337a 4500
008 171002b xxu||||| |||| 00| 0 eng d
020 _a9780781727945
041 _aeng
080 _23RD
_a159.9
100 _a48
101 _aPSI
245 _aPRINCIPLES AND PRACTICE OF PSYCHOPHARMACOTHERAPY
_cJANICAK,P.G
942 _2udc
_cBK
999 _c31183
_d31183